Immunization safety review measles-mumps-rubella vaccine and autism /
Saved in:
| 企業作者: | |
|---|---|
| 其他作者: | |
| 格式: | 電子 電子書 |
| 語言: | 英语 |
| 出版: |
Washington, D.C. :
National Academy Press,
c2001.
|
| 叢編: | Compass series.
|
| 主題: | |
| 在線閱讀: | An electronic book accessible through the World Wide Web; click to view |
| 標簽: |
沒有標簽, 成為第一個標記此記錄!
|
MARC
| LEADER | 00000nam a2200000Ia 4500 | ||
|---|---|---|---|
| 001 | 0000068565 | ||
| 005 | 20171002053354.0 | ||
| 006 | m u | ||
| 007 | cr cn||||||||| | ||
| 008 | 020226s2001 dcua sb 000 0 eng d | ||
| 010 | |z 2002278053 | ||
| 020 | |z 0309074479 | ||
| 035 | |a (CaPaEBR)ebr10038809 | ||
| 035 | |a (OCoLC)54857392 | ||
| 040 | |a CaPaEBR |c CaPaEBR | ||
| 050 | 1 | 4 | |a RA638 |b .I53615 2001eb |
| 245 | 0 | 0 | |a Immunization safety review |h [electronic resource] : |b measles-mumps-rubella vaccine and autism / |c Kathleen Stratton ... [et al.], editors ; Immunization Safety Review Committee, Board on Health Promotion and Disease Prevention, Institute of Medicine. |
| 246 | 3 | 0 | |a Measles-mumps-rubella vaccine and autism |
| 246 | 3 | |a Measles mumps rubella vaccine and autism | |
| 246 | 3 | |a MMR vaccine and autism | |
| 260 | |a Washington, D.C. : |b National Academy Press, |c c2001. | ||
| 300 | |a xv, 86 p. : |b ill. | ||
| 490 | 1 | |a Compass series | |
| 504 | |a Includes bibliographical references (p. 60-69). | ||
| 533 | |a Electronic reproduction. |b Palo Alto, Calif. : |c ebrary, |d 2009. |n Available via World Wide Web. |n Access may be limited to ebrary affiliated libraries. | ||
| 650 | 0 | |a Vaccination |x Complications. | |
| 650 | 0 | |a Immunization |x Complications. | |
| 650 | 0 | |a Autism. | |
| 655 | 7 | |a Electronic books. |2 local | |
| 700 | 1 | |a Stratton, Kathleen R. | |
| 710 | 2 | |a ebrary, Inc. | |
| 830 | 0 | |a Compass series. | |
| 856 | 4 | 0 | |u http://site.ebrary.com/lib/daystar/Doc?id=10038809 |z An electronic book accessible through the World Wide Web; click to view |
| 908 | |a 170314 | ||
| 942 | 0 | 0 | |c EB |
| 999 | |c 57723 |d 57723 | ||